Piłkarze Radomiaka Radom - nagła śmierć - Statystyki

Ogólne statystyki
  • Ten quiz został rozwiązany 80 razy
  • Średni wynik to 10 z 20
Answers on the Grid
Answers color-coded by a green-red scale on the quiz's grid according to % correct below.
Karol Angielski
Marian Huja
Sławomir Stempniewski
Bruno Jordão
Bartosz Mazurek
José Mourinho
Artur Bogusz
Musa Juwara
Capita
Miłosz Kozak
Camilo Mena
Damian Dąbrowski
Michał Kaput
Marco Paixão
Mateusz Cichocki
Tomas Podstawski
Goncalo Feio
Damian Jakubik
Kacper Sezonienko
Pedro Henrique
Juljan Shehu
Dawid Błanik
Michał Feliks
Łukasz Sekulski
Jan Grzesik
Daniel Łukasik
Rafael Lopes
Salvador Agra
Renat Dadashov
Cezary Miszta
Marek Gołębiewski
Henrique Arreiol
Mateusz Radecki
Adrián Diéguez
Ivo Rodrigues
Kamil Kościelny
Paulo César
Damian Gąska
Kacper Tobiasz
Luka Vušković
 
Statystyki odpowiedzi
Odpowiedź % Poprawnych
Karol Angielski
95%
Capita
86%
Bruno Jordão
83%
Michał Kaput
76%
Jan Grzesik
71%
Mateusz Cichocki
71%
Pedro Henrique
71%
Damian Jakubik
60%
Luka Vušković
57%
Renat Dadashov
57%
Adrián Diéguez
50%
Michał Feliks
50%
Daniel Łukasik
43%
Mateusz Radecki
43%
Miłosz Kozak
36%
Artur Bogusz
29%
Cezary Miszta
24%
Damian Gąska
12%
Kamil Kościelny
10%
Marek Gołębiewski
5%
Nie znaleziono quizów pasujących do podanych kryteriów
Rozkład punktacji
Procent ludzi z każdym wynikiem
Percentyl według liczby udzielonych odpowiedzi
Twoja historia wyników
Nie rozwiązałeś tego quizu